Sports Quiz

Random Sports or NBA Quiz

Milwaukee Bucks All-Time Leaders Quiz Stats

 Plays Quiz Updated May 17, 2018

Challenge
Share
Tweet
Embed
Score 0/50 Timer 08:00
1 Play Today
Hint Answer % Correct
PointsKareem Abdul-Jabbar
90.8%
ReboundsKareem Abdul-Jabbar
90.8%
AssistsKareem Abdul-Jabbar
90.8%
BlocksKareem Abdul-Jabbar
90.8%
AssistsOscar Robertson
75.7%
StealsAlvin Robertson
74.3%
PointsRay Allen
71.9%
StealsRay Allen
71.9%
PointsMichael Redd
71.6%
PointsGlenn Robinson
56.8%
ReboundsGlenn Robinson
56.8%
StealsGlenn Robinson
56.8%
PointsSidney Moncrief
52.8%
ReboundsSidney Moncrief
52.8%
AssistsSidney Moncrief
52.8%
StealsSidney Moncrief
52.8%
PointsMarques Johnson
50.7%
ReboundsMarques Johnson
50.7%
AssistsMarques Johnson
50.7%
BlocksMarques Johnson
50.7%
StealsMarques Johnson
50.7%
BlocksErvin Johnson
50.5%
ReboundsAndrew Bogut
45.6%
BlocksAndrew Bogut
45.6%
AssistsSam Cassell
37.4%
Hint Answer % Correct
PointsTerry Cummings
33.7%
ReboundsTerry Cummings
33.7%
StealsTerry Cummings
33.7%
ReboundsVin Baker
30.4%
BlocksVin Baker
30.4%
PointsBob Dandridge
27.6%
ReboundsBob Dandridge
27.6%
AssistsBob Dandridge
27.6%
BlocksGiannis Antetokounmpo
25.6%
ReboundsJack Sikma
24.3%
AssistsPaul Pressey
23.2%
StealsPaul Pressey
23.2%
PointsBrian Winters
16.2%
AssistsBrian Winters
16.2%
StealsBrian Winters
16.2%
StealsJunior Bridgeman
15.4%
PointsJunior Bridgeman
15.4%
ReboundsAlton Lister
12.8%
BlocksAlton Lister
12.8%
BlocksJohn Henson
9.8%
StealsQuinn Buckner
9.1%
AssistsQuinn Buckner
9.1%
BlocksRandy Breuer
7.1%
BlocksHarvey Catchings
5.9%
AssistsJay Humphries
5.7%

You're not logged in!

Compare scores with friends on all Sporcle quizzes.
Join for Free
OR
Log In

You Might Also Like...

Show Comments

Extras

Top Quizzes Today


Score Distribution

Your Account Isn't Verified!

In order to create a playlist on Sporcle, you need to verify the email address you used during registration. Go to your Sporcle Settings to finish the process.

Report this User

Report this user for behavior that violates our Community Guidelines.

Details: